00470nam a2200157Ia 4500100002400000650002700024942000700051654001600058245006000074260003300134082001500167300000800182546001200190999001700202952009300219 aMan/K.F/ Tang/K.S.  aElectrical Engineering cBK aEngineering aGenetic Algorithms for Control & Signal Processing bSpringer VerlagaNONEc1997 a629.8bMAN a211 aENGLISH c19708d19708 001040708CRCaCRCEbCRCEd2023-03-17l0o629.8 MANp10051r2023-03-17w2023-03-17yBK